Państwa, które mają dostęp do Morza Śródziemnego - Statystyki

Ogólne statystyki
  • Ten quiz został rozwiązany 319 razy
  • Średni wynik to 19 z 22
Statystyki odpowiedzi
Odpowiedź % Poprawnych
Włochy
99%
Grecja
98%
Hiszpania
97%
Egipt
95%
Turcja
95%
Francja
94%
Chorwacja
92%
Albania
91%
Algieria
90%
Maroko
90%
Bośnia i Hercegowina
89%
Tunezja
88%
Libia
87%
Cypr
84%
Czarnogóra
84%
Izrael
84%
Monako
83%
Słowenia
83%
Malta
80%
Liban
76%
Syria
74%
Wielka Brytania/Gibraltar
47%
Nie znaleziono quizów pasujących do podanych kryteriów
Rozkład punktacji
Procent ludzi z każdym wynikiem
Percentyl według liczby udzielonych odpowiedzi
Twoja historia wyników
Nie rozwiązałeś tego quizu